[Event "EYCC Open-U16 2019"]
[Site "Bratislava"]
[Date "2019.08.03"]
[Round "2.16"]
[White "Alonso Garcia, Aaron"]
[Black "Stankovic, Milos M"]
[Result "0-1"]
[WhiteElo "2248"]
[BlackElo "2270"]
[Annotator "NA"]
[PlyCount "178"]
[EventDate "2019.08.02"]
[EventType "swiss"]
[EventCountry "SVK"]
[SourceTitle "playchess.com"]
[Source "ChessBase"]
[SourceQuality "1"]
[TimeControl "40/5400+30:1800+30"]

1. e4 {[%emt 0:00:14]} e5 {[%emt 0:00:00]} 2. Nf3 {[%emt 0:01:11]} Nf6 {[%emt 0:00:00]} 3. Nxe5 {[%emt 0:01:51]} d6 {[%emt 0:00:12]} 4. Nf3 {[%emt 0:01:52]} Nxe4 {[%emt 0:00:12]} 5. Nc3 {[%emt 0:00:29]} Nxc3 {[%emt 0:01:46]} 6. dxc3 {[%emt 0:00:57]} Be7 {[%emt 0:01:28]} 7. Bf4 {[%emt 0:05:03]} Nc6 {[%emt 0:02:08]} 8. Qd2 {[%emt 0:03:01]} Bf5 {[%emt 0:01:43]} 9. O-O-O {[%emt 0:03:51]} Qd7 {[%emt 0:01:41]} 10. Bb5 {[%emt 0:08:22]} a6 {[%emt 0:04:10]} 11. Bxc6 {[%emt 0:01:18]} bxc6 {[%emt 0:01:00]} 12. Rhe1 {[%emt 0:01:59]} O-O {[%emt 0:04:46]} 13. Ne5 {[%emt 0:07:52]} dxe5 {[%emt 0:08:12]} 14. Qxd7 {[%emt 0:00:06]} Bxd7 {[%emt 0:00:05]} 15. Rxd7 {[%emt 0:00:11]} Bd6 {[%emt 0:00:07]} 16. Be3 {[%emt 0:08:32]} Rfc8 {[%emt 0:04:45]} 17. Rd1 {[%emt 0:10:01]} Kf8 {[%emt 0:01:47]} 18. R1xd6 {[%emt 0:02:41]} cxd6 {[%emt 0:00:07]} 19. Rxd6 {[%emt 0:00:01]} Ke8 {[%emt 0:00:21]} 20. Bc5 {[%emt 0:02:10]} Rab8 {[%emt 0:02:13]} 21. c4 {[%emt 0:02:00]} Rb7 {[%emt 0:00:25]} 22. Rd3 {[%emt 0:00:30]} f6 {[%emt 0:00:34]} 23. b4 {[%emt 0:05:37]} Rd7 {[%emt 0:01:07]} 24. Ra3 {[%emt 0:00:58]} Ra8 {[%emt 0:00:11]} 25. Ra5 {[%emt 0:06:32]} Rdd8 {[%emt 0:01:11]} 26. Bb6 {[%emt 0:01:59]} Rdb8 {[%emt 0:00:23]} 27. c5 {[%emt 0:00:22]} Kd7 {[%emt 0:02:48]} 28. Ra3 {[%emt 0:00:13]} Rb7 {[%emt 0:00:34]} 29. c4 {[%emt 0:01:57]} Rbb8 {[%emt 0:08:16]} 30. Rh3 {[%emt 0:03:38]} h6 {[%emt 0:00:45]} 31. Rg3 {[%emt 0:00:16]} Rg8 {[%emt 0:00:40]} 32. Rd3+ {[%emt 0:00:10]} Ke7 {[%emt 0:00:11]} 33. a4 {[%emt 0:00:34]} Rgb8 {[%emt 0:01:41]} 34. Rg3 {[%emt 0:06:15]} Kf7 {[%emt 0:00:37]} 35. a5 {[%emt 0:07:11]} Rb7 {[%emt 0:00:29]} 36. Rd3 {[%emt 0:01:13]} Rc8 {[%emt 0:00:26]} 37. Kb2 {[%emt 0:01:46]} Ke7 {[%emt 0:01:24]} 38. Rg3 {[%emt 0:04:03]} Ke6 {[%emt 0:02:31]} 39. Kc3 {[%emt 0:00:40]} h5 {[%emt 0:02:00]} 40. b5 {[%emt 0:00:00]} cxb5 {[%emt 0:00:00]} 41. Rd3 {[%emt 0:06:01]} bxc4 {[%emt 0:00:44]} 42. Rd6+ {[%emt 0:05:52]} Ke7 {[%emt 0:00:14]} 43. Kxc4 {[%emt 0:00:25]} Rd7 {[%emt 0:00:13]} 44. Kd5 {[%emt 0:01:07]} h4 {[%emt 0:02:24]} 45. g3 {[%emt 0:02:29]} hxg3 {[%emt 0:00:37]} 46. hxg3 {[%emt 0:00:01]} g6 {[%emt 0:01:33]} 47. g4 {[%emt 0:01:38]} Rxd6+ {[%emt 0:04:24]} 48. cxd6+ {[%emt 0:00:01]} Kd7 {[%emt 0:00:09]} 49. Bc7 {[%emt 0:10:56]} Rh8 {[%emt 0:02:09]} 50. Bb6 {[%emt 0:03:11]} g5 {[%emt 0:02:39]} 51. Bc7 {[%emt 0:02:55]} Rh4 {[%emt 0:00:27]} 52. f3 {[%emt 0:00:04]} Rh2 {[%emt 0:00:53]} 53. Ke4 {[%emt 0:01:07]} Ke6 {[%emt 0:00:05]} 54. Bb8 {[%emt 0:00:59]} Ra2 {[%emt 0:00:44]} 55. Bc7 {[%emt 0:00:01]} Ra3 {[%emt 0:00:26]} 56. Bd8 {[%emt 0:00:26]} Rb3 {[%emt 0:01:58]} 57. Bc7 {[%emt 0:01:33]} Rb4+ {[%emt 0:00:19]} 58. Ke3 {[%emt 0:00:19]} Rf4 {[%emt 0:00:18]} 59. Bb8 {[%emt 0:00:46]} Rd4 {[%emt 0:19:08]} 60. Bc7 {[%emt 0:00:16]} Kd7 {[%emt 0:00:14]} 61. Ke2 {[%emt 0:01:05]} e4 {[%emt 0:01:50]} 62. Ke3 {[%emt 0:00:22]} exf3 {[%emt 0:00:46]} 63. Kxf3 {[%emt 0:00:01]} Ra4 {[%emt 0:02:02]} 64. Kg3 {[%emt 0:00:22]} Ra3+ {[%emt 0:00:19]} 65. Kg2 {[%emt 0:00:02]} Rd3 {[%emt 0:01:01]} 66. Kf2 {[%emt 0:00:26]} Rxd6 {[%emt 0:02:52]} 67. Bxd6 {[%emt 0:00:08]} Kxd6 {[%emt 0:00:02]} 68. Ke2 {[%emt 0:00:01]} Kc5 {[%emt 0:01:19]} 69. Ke3 {[%emt 0:00:01]} Kb5 {[%emt 0:00:05]} 70. Ke4 {[%emt 0:00:02]} Kxa5 {[%emt 0:00:04]} 71. Kf5 {[%emt 0:00:02]} Kb5 {[%emt 0:00:09]} 72. Kxf6 {[%emt 0:00:03]} a5 {[%emt 0:00:03]} 73. Kxg5 {[%emt 0:00:04]} a4 {[%emt 0:00:03]} 74. Kh6 {[%emt 0:00:17]} a3 {[%emt 0:00:12]} 75. g5 {[%emt 0:00:01]} a2 {[%emt 0:00:07]} 76. g6 {[%emt 0:00:03]} a1=Q {[%emt 0:00:12]} 77. g7 {[%emt 0:00:09]} Qa2 {[%emt 0:00:33]} 78. Kh7 {[%emt 0:00:01]} Qf7 {[%emt 0:00:10]} 79. Kh8 {[%emt 0:00:01]} Qh5+ {[%emt 0:00:07]} 80. Kg8 {[%emt 0:00:09]} Kc5 {[%emt 0:00:15]} 81. Kf8 {[%emt 0:00:04]} Qf5+ {[%emt 0:00:18]} 82. Ke7 {[%emt 0:00:14]} Qg6 {[%emt 0:00:05]} 83. Kf8 {[%emt 0:00:04]} Qf6+ {[%emt 0:00:05]} 84. Kg8 {[%emt 0:00:01]} Kd6 {[%emt 0:00:47]} 85. Kh7 {[%emt 0:00:05]} Qh4+ {[%emt 0:00:06]} 86. Kg6 {[%emt 0:00:01]} Qc4 {[%emt 0:00:14]} 87. Kh7 {[%emt 0:00:02]} Qf7 {[%emt 0:00:08]} 88. Kh8 {[%emt 0:00:02]} Qh5+ {[%emt 0:00:06]} 89. Kg8 {[%emt 0:00:01]} Ke5 0-1

[Event "EYCC Open-U16 2019"]
[Site "Bratislava"]
[Date "2019.08.03"]
[Round "2.17"]
[White "Timoshin, Andrei"]
[Black "Ognean, Mihnea-Ionut"]
[Result "1-0"]
[WhiteElo "2154"]
[BlackElo "2287"]
[Annotator "NA"]
[PlyCount "115"]
[EventDate "2019.08.02"]
[EventType "swiss"]
[EventCountry "SVK"]
[SourceTitle "playchess.com"]
[Source "ChessBase"]
[SourceQuality "1"]
[TimeControl "40/5400+30:1800+30"]

1. e4 {[%emt 0:02:17]} d6 {[%emt 0:00:00]} 2. d4 {[%emt 0:00:34]} Nf6 {[%emt 0:00:00]} 3. Nc3 {[%emt 0:02:09]} g6 {[%emt 0:00:00]} 4. Be3 {[%emt 0:00:26]} Bg7 {[%emt 0:01:43]} 5. Qd2 {[%emt 0:02:07]} c6 {[%emt 0:00:08]} 6. Nf3 {[%emt 0:00:56]} b5 {[%emt 0:03:04]} 7. Bd3 {[%emt 0:00:50]} Nbd7 {[%emt 0:03:32]} 8. h3 {[%emt 0:07:29]} Qc7 {[%emt 0:06:23]} 9. Ne2 {[%emt 0:12:30]} Bb7 {[%emt 0:03:01]} 10. Ng3 {[%emt 0:00:56]} a6 {[%emt 0:02:09]} 11. a4 {[%emt 0:01:00]} O-O {[%emt 0:02:30]} 12. O-O {[%emt 0:01:02]} c5 {[%emt 0:01:53]} 13. c3 {[%emt 0:05:24]} e5 {[%emt 0:07:07]} 14. d5 {[%emt 0:13:02]} c4 {[%emt 0:02:54]} 15. Bc2 {[%emt 0:00:33]} Nc5 {[%emt 0:01:16]} 16. Bh6 {[%emt 0:09:19]} Nfd7 {[%emt 0:03:26]} 17. Nf5 {[%emt 0:02:09]} Bf6 {[%emt 0:10:12]} 18. Bxf8 {[%emt 0:02:49]} Rxf8 {[%emt 0:07:05]} 19. Ng3 {[%emt 0:04:25]} Bd8 {[%emt 0:01:55]} 20. axb5 {[%emt 0:01:48]} axb5 {[%emt 0:00:05]} 21. Qh6 {[%emt 0:02:26]} Re8 {[%emt 0:07:06]} 22. Ng5 {[%emt 0:04:31]} Nf8 {[%emt 0:01:18]} 23. f4 {[%emt 0:02:41]} f6 {[%emt 0:01:14]} 24. Nf3 {[%emt 0:00:44]} Qe7 {[%emt 0:01:36]} 25. f5 {[%emt 0:02:24]} Qg7 {[%emt 0:07:00]} 26. Qd2 {[%emt 0:03:54]} Nfd7 {[%emt 0:02:55]} 27. h4 {[%emt 0:01:52]} Bb6 {[%emt 0:01:09]} 28. Kh2 {[%emt 0:00:29]} Re7 {[%emt 0:02:25]} 29. Rfb1 {[%emt 0:02:46]} Nb3 {[%emt 0:13:33]} 30. Bxb3 {[%emt 0:00:19]} cxb3 {[%emt 0:00:02]} 31. h5 {[%emt 0:06:04]} Nc5 {[%emt 0:01:09]} 32. Re1 {[%emt 0:01:17]} Rc7 {[%emt 0:02:28]} 33. Nh4 {[%emt 0:02:30]} g5 {[%emt 0:00:53]} 34. Nf3 {[%emt 0:00:17]} Na4 {[%emt 0:01:09]} 35. Kh1 {[%emt 0:02:24]} Rc4 {[%emt 0:00:45]} 36. Nh2 {[%emt 0:00:42]} g4 {[%emt 0:02:29]} 37. h6 {[%emt 0:00:34]} Qf7 {[%emt 0:01:14]} 38. Nxg4 {[%emt 0:00:02]} Nc5 {[%emt 0:00:13]} 39. Qe2 {[%emt 0:01:02]} Kf8 {[%emt 0:00:52]} 40. Qf3 {[%emt 0:00:00]} Ke7 {[%emt 0:00:00]} 41. Ne3 {[%emt 0:15:37]} Nd3 {[%emt 0:08:00]} 42. Nxc4 {[%emt 0:01:26]} bxc4 {[%emt 0:00:03]} 43. Nh5 {[%emt 0:02:23]} Nxb2 {[%emt 0:07:23]} 44. Reb1 {[%emt 0:01:16]} Nd3 {[%emt 0:00:13]} 45. Ng7 {[%emt 0:00:36]} Nc5 {[%emt 0:02:05]} 46. Qe2 {[%emt 0:01:03]} Nd3 {[%emt 0:01:12]} 47. Kh2 {[%emt 0:03:01]} Nf2 {[%emt 0:08:00]} 48. Ra4 {[%emt 0:04:08]} Nxe4 {[%emt 0:07:24]} 49. Qxe4 {[%emt 0:01:07]} Bxd5 {[%emt 0:00:07]} 50. Qe2 {[%emt 0:01:24]} e4 {[%emt 0:00:06]} 51. Rd1 {[%emt 0:00:59]} e3 {[%emt 0:00:49]} 52. Rda1 {[%emt 0:00:28]} Kd8 {[%emt 0:01:26]} 53. Ra8+ {[%emt 0:03:26]} Bxa8 {[%emt 0:00:05]} 54. Rxa8+ {[%emt 0:00:05]} Kd7 {[%emt 0:00:05]} 55. Ne6 {[%emt 0:01:09]} b2 {[%emt 0:00:18]} 56. Qxc4 {[%emt 0:00:35]} b1=Q {[%emt 0:01:32]} 57. Qc8+ {[%emt 0:00:15]} Ke7 {[%emt 0:00:04]} 58. Qb7+ {[%emt 0:00:08]} 1-0

[Event "EYCC Open-U16 2019"]
[Site "Bratislava"]
[Date "2019.08.03"]
[Round "2.18"]
[White "Haring, Filip"]
[Black "Minko, Dmitry"]
[Result "0-1"]
[WhiteElo "2334"]
[BlackElo "2061"]
[Annotator "NA"]
[PlyCount "104"]
[EventDate "2019.08.02"]
[EventType "swiss"]
[EventCountry "SVK"]
[SourceTitle "playchess.com"]
[Source "ChessBase"]
[SourceQuality "1"]
[TimeControl "40/5400+30:1800+30"]

1. e4 {[%emt 0:00:00]} e5 {[%emt 0:00:00]} 2. Nf3 {[%emt 0:00:02]} Nc6 {[%emt 0:00:00]} 3. d4 {[%emt 0:00:14]} exd4 {[%emt 0:00:12]} 4. Nxd4 {[%emt 0:00:28]} Bc5 {[%emt 0:00:45]} 5. Nb3 {[%emt 0:00:34]} Bb6 {[%emt 0:01:44]} 6. Nc3 {[%emt 0:00:24]} Nf6 {[%emt 0:00:37]} 7. Qe2 {[%emt 0:00:29]} O-O {[%emt 0:00:50]} 8. Be3 {[%emt 0:00:48]} Re8 {[%emt 0:01:32]} 9. f3 {[%emt 0:00:50]} d5 {[%emt 0:03:57]} 10. O-O-O {[%emt 0:00:33]} d4 {[%emt 0:02:32]} 11. Bf2 {[%emt 0:02:06]} Ng4 {[%emt 0:01:20]} 12. Kb1 {[%emt 0:30:21]} d3 {[%emt 0:33:37]} 13. Rxd3 {[%emt 0:00:35]} Nxf2 {[%emt 0:01:51]} 14. Rxd8 {[%emt 0:00:14]} Rxd8 {[%emt 0:02:34]} 15. Rg1 {[%emt 0:02:10]} Nxe4 {[%emt 0:01:08]} 16. Qxe4 {[%emt 0:03:10]} Bxg1 {[%emt 0:00:16]} 17. Bc4 {[%emt 0:12:05]} Bxh2 {[%emt 0:07:20]} 18. Bd5 {[%emt 0:28:53]} Be6 {[%emt 0:10:39]} 19. Bxe6 {[%emt 0:01:45]} fxe6 {[%emt 0:00:02]} 20. Nc5 {[%emt 0:01:25]} Re8 {[%emt 0:09:04]} 21. Nxb7 {[%emt 0:02:01]} Ne5 {[%emt 0:01:54]} 22. Qh4 {[%emt 0:04:03]} Bg1 {[%emt 0:00:13]} 23. Ne4 {[%emt 0:02:20]} Ng6 {[%emt 0:04:12]} 24. Qh5 {[%emt 0:01:48]} Be3 {[%emt 0:03:08]} 25. g3 {[%emt 0:02:18]} e5 {[%emt 0:00:29]} 26. b3 {[%emt 0:02:12]} Re7 {[%emt 0:01:55]} 27. Nbc5 {[%emt 0:00:59]} Rf8 {[%emt 0:00:14]} 28. Nd3 {[%emt 0:00:38]} Ref7 {[%emt 0:00:40]} 29. f4 {[%emt 0:00:28]} Rf5 {[%emt 0:03:28]} 30. Ng5 {[%emt 0:00:08]} h6 {[%emt 0:00:05]} 31. Qxg6 {[%emt 0:00:10]} hxg5 {[%emt 0:00:06]} 32. Qe6+ {[%emt 0:00:55]} Kh7 {[%emt 0:00:06]} 33. Nxe5 {[%emt 0:00:50]} gxf4 {[%emt 0:01:59]} 34. gxf4 {[%emt 0:00:26]} Bxf4 {[%emt 0:00:06]} 35. Qg6+ {[%emt 0:00:26]} Kh8 {[%emt 0:00:26]} 36. Nd7 {[%emt 0:00:25]} R8f7 {[%emt 0:01:03]} 37. Kb2 {[%emt 0:00:33]} Kg8 {[%emt 0:02:40]} 38. Qe6 {[%emt 0:00:38]} Bd6 {[%emt 0:01:44]} 39. a4 {[%emt 0:00:28]} Kh7 {[%emt 0:00:44]} 40. a5 {[%emt 0:00:00]} g6 {[%emt 0:00:00]} 41. Qe8 {[%emt 0:03:16]} Kg7 {[%emt 0:08:29]} 42. a6 {[%emt 0:05:46]} Re7 {[%emt 0:02:19]} 43. Qc8 {[%emt 0:02:56]} Rff7 {[%emt 0:00:30]} 44. Nb8 {[%emt 0:01:44]} Rf8 {[%emt 0:00:26]} 45. Qb7 {[%emt 0:00:48]} c5 {[%emt 0:00:29]} 46. Nd7 {[%emt 0:01:18]} Rff7 {[%emt 0:00:38]} 47. Qxa7 {[%emt 0:01:01]} Rxd7 {[%emt 0:00:06]} 48. Qa8 {[%emt 0:02:28]} Be5+ {[%emt 0:00:58]} 49. Ka3 {[%emt 0:00:04]} Ra7 {[%emt 0:00:13]} 50. Qc8 {[%emt 0:00:49]} Rf6 {[%emt 0:00:27]} 51. b4 {[%emt 0:00:45]} Rfxa6+ {[%emt 0:00:45]} 52. Kb3 {[%emt 0:00:08]} c4+ {[%emt 0:00:06]} 0-1

[Event "EYCC Open-U16 2019"]
[Site "Bratislava"]
[Date "2019.08.03"]
[Round "2.19"]
[White "Vorisek, Jakub"]
[Black "Mukhutdinov, Tigran"]
[Result "0-1"]
[WhiteElo "2071"]
[BlackElo "2328"]
[Annotator "NA"]
[PlyCount "88"]
[EventDate "2019.08.02"]
[EventType "swiss"]
[EventCountry "SVK"]
[SourceTitle "playchess.com"]
[Source "ChessBase"]
[SourceQuality "1"]
[TimeControl "40/5400+30:1800+30"]

1. e4 {[%emt 0:00:00]} e5 {[%emt 0:00:00]} 2. Nf3 {[%emt 0:00:04]} Nc6 {[%emt 0:00:00]} 3. Bb5 {[%emt 0:00:26]} a6 {[%emt 0:00:00]} 4. Ba4 {[%emt 0:00:17]} Nf6 {[%emt 0:00:00]} 5. O-O {[%emt 0:00:32]} Be7 {[%emt 0:00:08]} 6. Re1 {[%emt 0:00:34]} b5 {[%emt 0:00:08]} 7. Bb3 {[%emt 0:00:34]} O-O {[%emt 0:00:20]} 8. a4 {[%emt 0:00:55]} Bb7 {[%emt 0:00:19]} 9. d3 {[%emt 0:00:47]} d6 {[%emt 0:00:18]} 10. Nbd2 {[%emt 0:01:36]} Na5 {[%emt 0:00:50]} 11. Ba2 {[%emt 0:01:37]} c5 {[%emt 0:00:07]} 12. Nf1 {[%emt 0:02:15]} bxa4 {[%emt 0:02:02]} 13. Bd2 {[%emt 0:08:31]} Bc6 {[%emt 0:04:01]} 14. Ne3 {[%emt 0:04:41]} Bd7 {[%emt 0:04:44]} 15. Bc3 {[%emt 0:04:59]} Nc6 {[%emt 0:04:04]} 16. Nd2 {[%emt 0:11:43]} Nb4 {[%emt 0:08:42]} 17. Ndc4 {[%emt 0:03:48]} Re8 {[%emt 0:01:44]} 18. Qd2 {[%emt 0:06:58]} Rb8 {[%emt 0:02:47]} 19. Na3 {[%emt 0:09:17]} Bf8 {[%emt 0:03:45]} 20. Bc4 {[%emt 0:02:07]} g6 {[%emt 0:02:08]} 21. Rf1 {[%emt 0:05:42]} Bh6 {[%emt 0:05:52]} 22. Qe2 {[%emt 0:06:31]} Bc6 {[%emt 0:06:36]} 23. Ng4 {[%emt 0:13:51]} Nxg4 {[%emt 0:04:51]} 24. Qxg4 {[%emt 0:00:05]} d5 {[%emt 0:04:05]} 25. exd5 {[%emt 0:00:21]} Nxd5 {[%emt 0:00:25]} 26. h4 {[%emt 0:06:25]} Bg7 {[%emt 0:02:51]} 27. Bxd5 {[%emt 0:03:51]} Qxd5 {[%emt 0:00:47]} 28. f3 {[%emt 0:00:29]} h5 {[%emt 0:01:42]} 29. Qc4 {[%emt 0:00:50]} Qd6 {[%emt 0:05:59]} 30. Qxa6 {[%emt 0:00:47]} Ra8 {[%emt 0:01:20]} 31. Nc4 {[%emt 0:01:57]} Qd5 {[%emt 0:04:11]} 32. Qb6 {[%emt 0:00:05]} Rec8 {[%emt 0:01:19]} 33. Ne3 {[%emt 0:02:27]} Qd7 {[%emt 0:10:56]} 34. Nc4 {[%emt 0:00:08]} Qe7 {[%emt 0:02:29]} 35. b4 {[%emt 0:00:41]} cxb4 {[%emt 0:01:16]} 36. Qxb4 {[%emt 0:00:05]} Qxb4 {[%emt 0:02:28]} 37. Bxb4 {[%emt 0:00:04]} e4 {[%emt 0:00:56]} 38. Ra3 {[%emt 0:01:47]} exd3 {[%emt 0:01:12]} 39. cxd3 {[%emt 0:00:05]} Bd5 {[%emt 0:00:28]} 40. Nd6 {[%emt 0:00:00]} Rcb8 {[%emt 0:00:00]} 41. Rb1 {[%emt 0:13:00]} Bd4+ {[%emt 0:03:10]} 42. Kh1 {[%emt 0:00:27]} Bc5 {[%emt 0:04:45]} 43. Bxc5 {[%emt 0:00:29]} Rxb1+ {[%emt 0:00:04]} 44. Kh2 {[%emt 0:00:07]} Rb3 {[%emt 0:00:14]} 0-1

[Event "EYCC Open-U16 2019"]
[Site "Bratislava"]
[Date "2019.08.03"]
[Round "2.20"]
[White "De Boer, Eelke"]
[Black "Torngren, Gustav"]
[Result "1-0"]
[WhiteElo "2279"]
[BlackElo "2109"]
[Annotator "NA"]
[PlyCount "77"]
[EventDate "2019.08.02"]
[EventType "swiss"]
[EventCountry "SVK"]
[SourceTitle "playchess.com"]
[Source "ChessBase"]
[SourceQuality "1"]
[TimeControl "40/5400+30:1800+30"]

1. e4 {[%emt 0:00:00]} g6 {[%emt 0:00:00]} 2. d4 {[%emt 0:00:00]} Bg7 {[%emt 0:00:00]} 3. Nf3 {[%emt 0:00:00]} d6 {[%emt 0:00:00]} 4. Bc4 {[%emt 0:00:00]} Nf6 {[%emt 0:00:19]} 5. Qe2 {[%emt 0:00:00]} O-O {[%emt 0:00:17]} 6. O-O {[%emt 0:00:04]} Bg4 {[%emt 0:00:56]} 7. e5 {[%emt 0:15:15]} dxe5 {[%emt 0:07:47]} 8. dxe5 {[%emt 0:00:08]} Nd5 {[%emt 0:02:16]} 9. Nbd2 {[%emt 0:05:54]} c6 {[%emt 0:04:25]} 10. h3 {[%emt 0:02:36]} Bxf3 {[%emt 0:00:22]} 11. Nxf3 {[%emt 0:00:08]} e6 {[%emt 0:01:31]} 12. a4 {[%emt 0:14:18]} Nb6 {[%emt 0:03:24]} 13. Bb3 {[%emt 0:01:13]} Qc7 {[%emt 0:08:44]} 14. Re1 {[%emt 0:04:50]} N8d7 {[%emt 0:18:14]} 15. c3 {[%emt 0:02:50]} h6 {[%emt 0:03:58]} 16. h4 {[%emt 0:02:51]} Rfd8 {[%emt 0:07:01]} 17. Bc2 {[%emt 0:03:54]} Nd5 {[%emt 0:05:51]} 18. h5 {[%emt 0:05:41]} Nf8 {[%emt 0:01:18]} 19. g3 {[%emt 0:03:22]} Ne7 {[%emt 0:05:03]} 20. Kg2 {[%emt 0:06:10]} Rd5 {[%emt 0:06:01]} 21. c4 {[%emt 0:02:25]} Rd7 {[%emt 0:00:29]} 22. Rh1 {[%emt 0:00:29]} Kh7 {[%emt 0:05:16]} 23. Bf4 {[%emt 0:08:11]} Nf5 {[%emt 0:02:37]} 24. hxg6+ {[%emt 0:01:48]} fxg6 {[%emt 0:01:09]} 25. Bxf5 {[%emt 0:00:35]} gxf5 {[%emt 0:00:11]} 26. Qe3 {[%emt 0:01:10]} Qb6 {[%emt 0:05:08]} 27. c5 {[%emt 0:01:02]} Qd8 {[%emt 0:00:02]} 28. Bxh6 {[%emt 0:00:17]} Kg8 {[%emt 0:00:01]} 29. Bxg7 {[%emt 0:06:51]} Rxg7 {[%emt 0:00:01]} 30. Rad1 {[%emt 0:00:15]} Qe7 {[%emt 0:00:04]} 31. Rd6 {[%emt 0:00:35]} Re8 {[%emt 0:03:21]} 32. Nd4 {[%emt 0:02:26]} Rg4 {[%emt 0:00:57]} 33. Rh6 {[%emt 0:05:16]} Re4 {[%emt 0:01:48]} 34. Qf3 {[%emt 0:00:59]} Qg7 {[%emt 0:02:03]} 35. Qh5 {[%emt 0:00:41]} Rxe5 {[%emt 0:00:36]} 36. Nf3 {[%emt 0:00:42]} Re4 {[%emt 0:02:27]} 37. Ng5 {[%emt 0:00:22]} Rg4 {[%emt 0:00:33]} 38. Rh8+ {[%emt 0:00:13]} Qxh8 {[%emt 0:00:08]} 39. Qf7# 1-0

[Event "EYCC Open-U16 2019"]
[Site "Bratislava"]
[Date "2019.08.04"]
[Round "3.1"]
[White "Bacrot, Alexandre"]
[Black "Teclaf, Pawel"]
[Result "1/2-1/2"]
[WhiteElo "2265"]
[BlackElo "2454"]
[Annotator "ChessBase"]
[PlyCount "52"]
[EventDate "2019.08.02"]
[EventType "swiss"]
[EventCountry "SVK"]
[SourceTitle "playchess.com"]
[Source "ChessBase"]
[SourceQuality "1"]
[TimeControl "40/5400+30:1800+30"]

1. d4 {[%emt 0:00:00]} Nf6 {[%emt 0:00:00]} 2. Nf3 {[%emt 0:00:00]} g6 {[%emt 0:00:04]} 3. Nbd2 {[%emt 0:00:00]} d5 {[%emt 0:01:18]} 4. b4 {[%emt 0:00:14]} Bg7 {[%emt 0:03:19]} 5. e3 {[%emt 0:00:06]} O-O {[%emt 0:02:20]} 6. Be2 {[%emt 0:00:57]} b6 {[%emt 0:08:47]} 7. Bb2 {[%emt 0:07:10]} Bb7 {[%emt 0:03:53]} 8. O-O {[%emt 0:03:24]} Nbd7 {[%emt 0:06:43]} 9. c4 {[%emt 0:14:26]} dxc4 {[%emt 0:14:41]} 10. Bxc4 {[%emt 0:02:38]} c5 {[%emt 0:09:13]} 11. Qb3 {[%emt 0:04:05]} cxb4 {[%emt 0:05:25]} 12. Qxb4 {[%emt 0:01:33]} e6 {[%emt 0:00:05]} 13. a4 {[%emt 0:00:43]} Ne4 {[%emt 0:02:44]} 14. Nxe4 {[%emt 0:09:48]} Bxe4 {[%emt 0:00:02]} 15. Nd2 {[%emt 0:00:14]} Bb7 {[%emt 0:02:01]} 16. e4 {[%emt 0:02:40]} Nf6 {[%emt 0:04:40]} 17. Rfe1 {[%emt 0:03:44]} Bh6 {[%emt 0:02:00]} 18. f3 {[%emt 0:03:01]} a5 {[%emt 0:02:57]} 19. Qc3 {[%emt 0:00:05]} Rc8 {[%emt 0:00:16]} 20. Rad1 {[%emt 0:03:32]} Bxd2 {[%emt 0:03:39]} 21. Rxd2 {[%emt 0:00:39]} Bd5 {[%emt 0:01:10]} 22. exd5 {[%emt 0:01:27]} exd5 {[%emt 0:00:03]} 23. Rde2 {[%emt 0:00:26]} Rxc4 {[%emt 0:02:09]} 24. Qe3 {[%emt 0:06:00]} Qd7 {[%emt 0:09:20]} 25. Ba3 {[%emt 0:01:19]} Re8 {[%emt 0:04:53]} 26. Qh6 Rcc8 1/2-1/2

[Event "EYCC Open-U16 2019"]
[Site "Bratislava"]
[Date "2019.08.04"]
[Round "3.2"]
[White "Horvath, Dominik"]
[Black "De Boer, Eelke"]
[Result "0-1"]
[WhiteElo "2424"]
[BlackElo "2279"]
[Annotator "NA"]
[PlyCount "56"]
[EventDate "2019.08.02"]
[EventType "swiss"]
[EventCountry "SVK"]
[SourceTitle "playchess.com"]
[Source "ChessBase"]
[SourceQuality "1"]
[TimeControl "40/5400+30:1800+30"]

1. Nf3 {[%emt 0:00:00]} Nf6 {[%emt 0:00:00]} 2. c4 {[%emt 0:00:00]} g6 {[%emt 0:00:00]} 3. g3 {[%emt 0:00:00]} Bg7 {[%emt 0:00:00]} 4. Nc3 {[%emt 0:00:00]} O-O {[%emt 0:00:05]} 5. Bg2 {[%emt 0:00:03]} c5 {[%emt 0:01:45]} 6. d4 {[%emt 0:00:56]} cxd4 {[%emt 0:00:11]} 7. Nxd4 {[%emt 0:00:06]} Qc7 {[%emt 0:00:06]} 8. Ndb5 {[%emt 0:15:47]} Qxc4 {[%emt 0:12:26]} 9. b3 {[%emt 0:00:04]} Qc5 {[%emt 0:01:30]} 10. Ba3 {[%emt 0:14:11]} Qe5 {[%emt 0:11:03]} 11. e4 {[%emt 0:00:55]} Nxe4 {[%emt 0:23:32]} 12. Bxe4 {[%emt 0:00:27]} f5 {[%emt 0:00:15]} 13. f4 {[%emt 0:08:35]} Qe6 {[%emt 0:00:39]} 14. Nd5 {[%emt 0:02:53]} a6 {[%emt 0:05:58]} 15. Nbc3 {[%emt 0:24:17]} Bxc3+ {[%emt 0:03:42]} 16. Nxc3 {[%emt 0:00:11]} fxe4 {[%emt 0:00:05]} 17. Nd5 {[%emt 0:01:33]} d6 {[%emt 0:12:27]} 18. Nc7 {[%emt 0:00:14]} Qf6 {[%emt 0:00:11]} 19. Nxa8 {[%emt 0:02:19]} Qc3+ {[%emt 0:00:07]} 20. Kf2 {[%emt 0:00:06]} e3+ {[%emt 0:00:20]} 21. Kg1 {[%emt 0:12:50]} e2 {[%emt 0:07:55]} 22. Qc1 {[%emt 0:00:02]} Qd4+ {[%emt 0:00:30]} 23. Kg2 {[%emt 0:00:03]} b5 {[%emt 0:00:08]} 24. Qc7 {[%emt 0:02:30]} Qe4+ {[%emt 0:03:31]} 25. Kf2 {[%emt 0:00:09]} Bb7 {[%emt 0:00:26]} 26. Qc3 {[%emt 0:01:56]} Rc8 {[%emt 0:00:52]} 27. Nc7 {[%emt 0:02:01]} Rxc7 {[%emt 0:00:36]} 28. Qxc7 {[%emt 0:00:04]} e1=Q+ {[%emt 0:00:14]} 0-1

[Event "EYCC Open-U16 2019"]
[Site "Bratislava"]
[Date "2019.08.04"]
[Round "3.3"]
[White "Globus, Or"]
[Black "Van Dael, Siem"]
[Result "1/2-1/2"]
[WhiteElo "2352"]
[BlackElo "2319"]
[Annotator "NA"]
[PlyCount "27"]
[EventDate "2019.08.02"]
[EventType "swiss"]
[EventCountry "SVK"]
[SourceTitle "playchess.com"]
[Source "ChessBase"]
[SourceQuality "1"]
[TimeControl "40/5400+30:1800+30"]

1. d4 {[%emt 0:00:00]} d5 {[%emt 0:00:00]} 2. c4 {[%emt 0:03:29]} c6 {[%emt 0:00:00]} 3. Nf3 {[%emt 0:00:33]} Nf6 {[%emt 0:00:00]} 4. e3 {[%emt 0:04:09]} Bg4 {[%emt 0:00:06]} 5. h3 {[%emt 0:02:24]} Bh5 {[%emt 0:00:06]} 6. g4 {[%emt 0:00:23]} Bg6 {[%emt 0:00:05]} 7. Ne5 {[%emt 0:00:02]} e6 {[%emt 0:00:06]} 8. Nd2 {[%emt 0:01:13]} Nbd7 {[%emt 0:00:50]} 9. Nxg6 {[%emt 0:00:38]} hxg6 {[%emt 0:00:08]} 10. Bg2 {[%emt 0:03:59]} g5 {[%emt 0:00:26]} 11. O-O {[%emt 0:01:48]} Be7 {[%emt 0:04:20]} 12. Re1 {[%emt 0:02:15]} Qc7 {[%emt 0:02:56]} 13. cxd5 {[%emt 0:10:29]} cxd5 {[%emt 0:10:34]} 14. e4 {[%emt 0:08:36]} 1/2-1/2